000 01073cam a22002054a 4500
005 20250605164139.0
008 250528s ||||||||||||||||||||||||d
035 _a18886
020 _a534349730
040 _aGR-AtMCL
_bgre
_dGR-AtMCL
_eAACR2
245 1 _aPsychology of Language / Third Edition
250 _a3rd
260 _bBrooks/Cole Publishing Company,
_c1999
300 _a462
520 _aGeneral Issues, Introduction: Themes of Psycholinguistics, Linguistic Principles, Psychological Mechanisms, Language Comprehension, Perception of Language, The Internal Lexicon, Sentence Comprehension and Memory, Discourse Comprehension and Memory, Language Production and Conversational Interaction, Production of Speech and Language, Conversational Interaction, Language Acquisition, Early Language Acquisition, Later Language Acquisition, Processes of Language Acquisition, Language in Perspective, Biological Foundations of Language, Language and Culture and Cognition.
700 1 _aCarroll David W
_95163
942 _cBK
999 _c4191
_d4191